Ius vigilantibus scriptum: ausgewählte Schriften

Sparad:
Bibliografiska uppgifter
Huvudupphovsman: Wubbe, Felix B. J (Författare, medförfattare)
Materialtyp: Bok
Språk:tyska
Publicerad: Friburgo de Brisgovia Freiburg Schweiz 2003
Serie:Arbeiten aus dem Iuristischen Seminar der Universität Freiburg Schweiz, 215
Ämnen:
Taggar: Lägg till en tagg
Inga taggar, Lägg till första taggen!

MARC

LEADER 00000nam a2200000 a 4500
001 UCK2800
003 CL-VaPUC
008 050318e20030000GW |||||||||||||||||ger|d
020 |a 3727814004 
082 0 4 |a 340.54  |b WUB  |2 21 
100 0 |a Wubbe, Felix B. J  |e author  |9 490813 
245 1 0 |a Ius vigilantibus scriptum: ausgewählte Schriften 
300 |a 560 p 
942 |c BK 
945 |d 20050318 00:00:00  |a cmena 
260 |a Friburgo de Brisgovia  |b Freiburg Schweiz  |c 2003 
650 0 |a Derecho romano  |9 255930 
650 0 |a Derecho civil  |9 255013 
650 0 |a Fuentes del derecho   |9 255162 
650 0 |a Historia del derecho  |9 255109 
583 |a last modification  |c 20050318 00:00:00  |k Rodrigo Vera 
490 0 |a Arbeiten aus dem Iuristischen Seminar der Universität Freiburg Schweiz, 215 
999 |c 312256  |d 312254 
952 |0 0  |1 0  |4 0  |6 340_540000000000000_WUB_2003  |7 0  |8 DER_ROM  |9 382248  |a BIBDER  |b BIBDER  |d 2019-11-21  |i 4102045  |o 340.54 WUB 2003  |p 4102045  |r 2023-01-25  |w 2019-11-21  |x Ubicación 4to piso  |y BK  |z Este recurso debe solicitarse con anticipación  |k DER